Detalles MARC
| 000 -CABECERA |
| campo de control de longitud fija |
00971nam a22002537a 4500 |
| 003 - IDENTIFICADOR DEL NÚMERO DE CONTROL |
| campo de control |
DO-SdBNP |
| 005 - FECHA Y HORA DE LA ÚLTIMA TRANSACCIÓN |
| campo de control |
20220215094252.0 |
| 007 - CAMPO FIJO DE DESCRIPCIÓN FÍSICA--INFORMACIÓN GENERAL |
| campo de control de longitud fija |
ta |
| 008 - DATOS DE LONGITUD FIJA--INFORMACIÓN GENERAL |
| campo de control de longitud fija |
220204b2019 dr ||||| |||| 00| 0 spa d |
| 020 ## - NÚMERO INTERNACIONAL ESTÁNDAR DEL LIBRO |
| Número Internacional Estándar del Libro |
9789945915396 |
| 040 ## - FUENTE DE LA CATALOGACIÓN |
| Centro catalogador/agencia de origen |
DO-SdBNP |
| Lengua de catalogación |
spa |
| Centro/agencia transcriptor |
BNPHU |
| 082 #4 - NÚMERO DE LA CLASIFICACIÓN DECIMAL DEWEY |
| Número de documento/Ítem |
R175h |
| Número de edición |
22 |
| 100 1# - ENTRADA PRINCIPAL--NOMBRE DE PERSONA |
| Nombre de persona |
Ramos, Rahadames, |
| Fechas asociadas al nombre |
1960- |
| 9 (RLIN) |
81129 |
| 245 10 - MENCIÓN DE TÍTULO |
| Título |
Hacer un pelotero : |
| Resto del título |
un negocio millonario pero con muchos riesgos / |
| Mención de responsabilidad, etc. |
Rahadamés Ramos ; prólogo Jacinto Díaz. |
| 246 10 - FORMA VARIANTE DE TÍTULO |
| Título propio/Titulo breve |
El reléase, una estrella que se apaga, el sueño que no pudo ser. |
| 260 ## - PUBLICACIÓN, DISTRIBUCIÓN, ETC. |
| Lugar de publicación, distribución, etc. |
Santo Domingo : |
| Nombre del editor, distribuidor, etc. |
Santuario, |
| Fecha de publicación, distribución, etc. |
2019. |
| 300 ## - DESCRIPCIÓN FÍSICA |
| Extensión |
69 p. ; |
| Dimensiones |
22 cm.. |
| 500 ## - NOTA GENERAL |
| Nota general |
Incluye datos biográficos del autor en la contracubierta. |
| 505 0# - NOTA DE CONTENIDO CON FORMATO |
| Nota de contenido con formato |
Agradecimientos -- |
| Título |
Dedicatoria -- |
| -- |
Prólogo -- |
| -- |
Introducción -- |
| -- |
Presentación -- |
| -- |
Hacer un pelotero -- |
| -- |
El reléase . |
| 590 ## - NOTA LOCAL (RLIN) |
| Nota local |
Inventariado, 2022 /LP<br/><br/> |
| 700 1# - PUNTO DE ACCESO ADICIONAL--NOMBRE DE PERSONA |
| Nombre de persona |
Díaz, Jacinto, |
| Término indicativo de función/relación |
pról. |
| 9 (RLIN) |
81130 |
| 910 ## - DATOS DE OPCIÓN DEL USUARIO (OCLC) |
| Datos de opción del usuario |
Lopérez. |
| 942 ## - ELEMENTOS DE PUNTO DE ACCESO ADICIONAL (KOHA) |
| Fuente del sistema de clasificación o colocación |
Dewey Decimal Classification |
| Tipo de ítem Koha |
Libro |